000 00490nam a2200181Ia 4500
003 GCL
008 140319s9999 xx 000 0 eng d
020 _a1564966984
040 _aGCL /
_cGCL
082 0 4 _a721.36
_bZ I
100 1 _aZEVON, SUSAN
245 1 0 _aINSIDE ARCHITECTURE /
_cZEVON, SUSAN
260 _aنيويورك :
_bROCKPORT PUBLISHERS INC. ،
_c2000
300 _a32 CM ؛
_c191 P
650 0 4 _aARCHITECTS
650 0 4 _aARCHITECTURE - DESIGNS AND PLANS
942 _2ddc
_cBK
999 _c6619
_d6619